Флаги Штатов США - Statistics

General Stats
  • This quiz has been taken 57 times
  • The average score is 9 of 16
Answer Stats
Picture Answer % Correct
Аризона
82%
Огайо
74%
Гавайи
74%
Колорадо
68%
Нью-Мексико
64%
Луизиана
62%
Южная Каролина
62%
Род-Айленд
56%
Нью-Йорк
50%
Оклахома
50%
Миссури
48%
Коннектикут
48%
Теннесси
44%
Джорджия
42%
Нью-Джерси
40%
Массачусетс
40%
No matching quizzes found
Score Distribution
Percent of People with Each Score
Percentile by Number Answered
Your Score History
You have not taken this quiz